000 00309nam a22001217a 4500
008 160420b xxu||||| |||| 00| 0 eng d
020 _a9780763754129
020 _a0763754129
041 _aeng
080 _a618.2
245 1 0 _aProfessional nursing concepts:
_cAnita Finkelman; Carole Kenner;
942 _2udc
_cBK
999 _c1448
_d1448